000 00706nam a22002297a 4500
003 OSt
005 20250901060628.0
008 250818b |||||||| |||| 00| 0 eng d
020 _a9-812-53048-7
040 _aDWCL-Main Lib
_cOC
082 _aCirc. 657 K47i 2004
100 _aKieso, Donald E.
245 _aIntermediate accounting
_cDonald E. Kieso, Jerry J. Weygandt, Terry D. Warfield
250 _a11th edition
260 _aNew Jersey :
_bJohn Wiley & Sons, Inc.,
_cc2004.
300 _axxxii, 1331 pages :
_c25 cm.
504 _aIncludes index.
650 _aAccounting.
700 _aWeygandt, Jerry J.
700 _aWarfield, Terry D.
942 _2ddc
_cBK-CIRC
_e11th edition
_kCirc.
_n0
999 _c4023
_d4023